[Event "Vratsa op (Women)"]
[Site "Vratsa"]
[Date "2013.07.20"]
[Round "8"]
[White "Gospodinova, Nikoleta"]
[Black "Pencheva, Iva"]
[Result "0-1"]
[WhiteElo "1532"]
[BlackElo "1786"]
[PlyCount "95"]
[EventDate "2013.07.15"]
[EventType "swiss"]
[EventRounds "9"]
[EventCountry "BUL"]
[SourceTitle "CBM 155 Extra"]
[Source "ChessBase"]
[SourceDate "2013.08.26"]
[SourceVersion "1"]
[SourceVersionDate "2013.08.26"]
[SourceQuality "1"]

1. e4 c6 2. d4 d5 3. Nd2 dxe4 4. Nxe4 Nf6 5. Ng3 h5 6. Be3 Qb6 7. b3 Qb4+ 8. Qd2 Qxd2+ 9. Bxd2 h4 10. N3e2 Bf5 11. c3 Nbd7 12. Nf4 e6 13. Bd3 Bxd3 14. Nxd3 Ne4 15. Nf3 Be7 16. Nfe5 Nxe5 17. Nxe5 Rd8 18. Rd1 c5 19. f3 Nxd2 20. Rxd2 Rh5 21. Ke2 cxd4 22. cxd4 Bf6 23. Nc4 Bxd4 24. Rhd1 Rhd5 25. a4 Ke7 26. Na5 Rxa5 27. Rxd4 Re5+ 28. Kf2 Rdd5 29. R4d2 Kd6 30. Rxd5+ exd5 31. b4 Re7 32. Rd4 g5 33. g3 hxg3+ 34. Kxg3 Ke5 35. Rd1 f5 36. f4+ gxf4+ 37. Kf3 Rh7 38. Re1+ Kd4 39. Kxf4 Rxh2 40. Kxf5 Kc3 41. b5 d4 42. Rc1+ Rc2 43. Rd1 d3 44. Ke4 Re2+ 45. Kf3 Re7 46. Ra1 d2 47. Kf2 Kb2 48. Rh1 0-1

[Event "Vratsa op (Women)"]
[Site "Vratsa"]
[Date "2013.07.17"]
[Round "4"]
[White "Yordanova, Svetla"]
[Black "Pencheva, Iva"]
[Result "1/2-1/2"]
[WhiteElo "2083"]
[BlackElo "1786"]
[PlyCount "266"]
[EventDate "2013.07.15"]
[EventType "swiss"]
[EventRounds "9"]
[EventCountry "BUL"]
[SourceTitle "CBM 155 Extra"]
[Source "ChessBase"]
[SourceDate "2013.08.26"]
[SourceVersion "1"]
[SourceVersionDate "2013.08.26"]
[SourceQuality "1"]

1. e4 e6 2. d4 d5 3. e5 c5 4. c3 Nc6 5. Nf3 Qb6 6. a3 c4 7. Nbd2 Nge7 8. Rb1 Na5 9. g3 Bd7 10. Bg2 Rc8 11. 0-0 Nf5 12. g4 Ne7 13. Ne1 Nec6 14. Kh1 Nxd4 15. cxd4 Qxd4 16. Qe2 Qb6 17. Ndf3 Bc5 18. Bf4 Bb5 19. Qc2 Nb3 20. Bg3 Qa5 21. Rg1 Ba4 22. Qe2 c3 23. bxc3 Qxc3 24. Qb2 Qxb2 25. Rxb2 0-0 26. Nd3 Be7 27. Rgb1 Rc3 28. Bf1 b6 29. Bh4 Bc5 30. Kg2 Rc8 31. Nf4 Na5 32. Ra1 Bf8 33. Bg3 Nc4 34. Bxc4 R3xc4 35. Nd2 Rc2 36. Raa2 Rxb2 37. Rxb2 Rc3 38. Nb1 Rc2 39. Rxc2 Bxc2 40. Nd2 Bxa3 41. Ne2 Bc5 42. f4 Bb4 43. Nd4 Ba4 44. Nf1 Bc3 45. Ne2 d4 46. Bf2 Bc6+ 47. Kg1 Bf3 48. Nxd4 Bxd4 49. Bxd4 Bxg4 50. Kf2 Bf5 51. Ke3 Kf8 52. Nd2 Ke7 53. Nc4 Kd7 54. Nd6 Bg6 55. Nb5 a6 56. Nd6 b5 57. Bc3 f6 58. Kd4 Kc6 59. Ba5 h5 60. Nc8 Kd7 61. Nb6+ Kc6 62. Nc8 Kd7 63. Nd6 Kc6 64. Bb4 f5 65. Ba5 h4 66. Be1 h3 67. Ba5 Bh5 68. Bd8 Kd7 69. Bh4 Kc6 70. Be1 Bg6 71. Bb4 Bh5 72. Nc8 Kd7 73. Ne7 a5 74. Bd6 Bf3 75. Kc5 Be2 76. Nc6 a4 77. Nd4 a3 78. Nb3 Bc4 79. Na1 Ke8 80. Kd4 a2 81. Ba3 Kf7 82. Bb2 Kg6 83. Nc2 Bb3 84. Ne3 Kh5 85. Kc3 Ba4 86. Ba1 g5 87. fxg5 Kxg5 88. Kd4 f4 89. Nf1 Bd1 90. Nd2 Kf5 91. Ne4 Be2 92. Nf2 Bf1 93. Kc5 f3 94. Bd4 Kg6 95. Kd6 Kf5 96. Kc5 Kg6 97. Kb4 Kf5 98. Ka3 Bc4 99. Kb2 b4 100. Nxh3 Ke4 101. Bc5 Kxe5 102. Bxb4 Kf5 103. Bc3 e5 104. Kc2 e4 105. Kd2 Kg4 106. Nf2+ Kf4 107. Nd1 Bb3 108. Ne3 Be6 109. Bd4 Kg5 110. Be5 Bb3 111. Ke1 Be6 112. Kf2 Kh4 113. Nf1 Bc4 114. Nd2 Bd5 115. Nf1 Bc4 116. Ng3 Bd3 117. Nf5+ Kg5 118. Nd6 Bc2 119. Kg3 Bd3 120. h4+ Kg6 121. Bd4 Kh5 122. Nf5 Kg6 123. Ne3 Kh5 124. Ng4 Bc2 125. Nf6+ Kh6 126. h5 Kg5 127. Kf2 Bb1 128. Ke3 Bc2 129. Ba1 Bb1 130. Bb2 Bc2 131. Kf2 Bb1 132. Kg3 Bc2 133. Bd4 Bb1 1/2-1/2

[Event "Vratsa op (Women)"]
[Site "Vratsa"]
[Date "2013.07.15"]
[Round "1"]
[White "Maksimovic, Suzana"]
[Black "Pencheva, Iva"]
[Result "1-0"]
[WhiteElo "2223"]
[BlackElo "1786"]
[PlyCount "115"]
[EventDate "2013.07.15"]
[EventType "swiss"]
[EventRounds "9"]
[EventCountry "BUL"]
[SourceTitle "CBM 155 Extra"]
[Source "ChessBase"]
[SourceDate "2013.08.26"]
[SourceVersion "1"]
[SourceVersionDate "2013.08.26"]
[SourceQuality "1"]

1. d4 d5 2. c4 e6 3. e3 Nf6 4. Nf3 Be7 5. Nc3 0-0 6. Bd3 Nbd7 7. 0-0 c6 8. e4 dxe4 9. Nxe4 Qc7 10. Bg5 Re8 11. Qe2 b6 12. Ne5 Bb7 13. Nxd7 Nxd7 14. Qh5 g6 15. Qh4 Qd8 16. Rfe1 Bxg5 17. Nxg5 Nf8 18. Re3 c5 19. dxc5 bxc5 20. Qf4 f5 21. Rd1 Qf6 22. h4 e5 23. Qh2 h6 24. Nh3 e4 25. Bf1 Rad8 26. Rxd8 Qxd8 27. Nf4 Qd4 28. Qg3 Kh7 29. Ra3 a6 30. Rb3 Re7 31. Rb6 Rg7 32. Qb3 Qd7 33. a4 Qc7 34. g3 Qf7 35. Be2 Qd7 36. a5 Qc7 37. Nd5 Qf7 38. Rf6 Qe8 39. Rxa6 Bxd5 40. cxd5 Qe5 41. Qc3 Qxd5 42. Bc4 Qd4 43. Ra8 Nd7 44. Qxd4 cxd4 45. Kf1 Ne5 46. Rc8 d3 47. Rc5 Nf3 48. a6 Ra7 49. Bb5 Nd4 50. Bc4 d2 51. Be2 Nxe2 52. Kxe2 Rd7 53. Kd1 Kg7 54. b4 Kf6 55. Ra5 Ra7 56. b5 Ke6 57. b6 Ra8 58. a7 1-0

[Event "Veliko Tarnovo op"]
[Site "Veliko Tarnovo"]
[Date "2013.05.01"]
[Round "1"]
[White "Senetia, Teodor"]
[Black "Pencheva, Iva"]
[Result "1-0"]
[WhiteElo "2196"]
[BlackElo "1778"]
[PlyCount "97"]
[EventDate "2013.05.01"]
[EventType "swiss"]
[EventRounds "9"]
[EventCountry "BUL"]
[SourceTitle "CBM 154 Extra"]
[Source "ChessBase"]
[SourceDate "2013.06.25"]
[SourceVersion "2"]
[SourceVersionDate "2013.06.25"]
[SourceQuality "1"]

1. e4 d6 2. d4 Nf6 3. Nc3 g6 4. Be3 Bg7 5. Qd2 Nc6 6. f3 e5 7. d5 Nb8 8. Nd1 Nbd7 9. Nf2 a6 10. c4 b6 11. Bd3 Nh5 12. Ne2 Nc5 13. g4 Nf6 14. Bc2 a5 15. b3 Qe7 16. Bh6 Bxh6 17. Qxh6 Ng8 18. Qg7 Qf6 19. Qxf6 Nxf6 20. Kd2 Ke7 21. a3 Bd7 22. b4 Nb7 23. Nd3 Ra7 24. g5 Nh5 25. Ng3 Ng7 26. f4 exf4 27. Nxf4 Rha8 28. b5 Nc5 29. Rae1 Kf8 30. e5 dxe5 31. Rxe5 Re8 32. Rxe8+ Nxe8 33. Nd3 Nxd3 34. Kxd3 Nd6 35. Kd4 Ra8 36. a4 Nb7 37. h4 Nc5 38. h5 Kg7 39. h6+ Kg8 40. Ne4 Nxe4 41. Bxe4 Re8 42. Rf1 Kf8 43. Rf6 Bg4 44. d6 Rd8 45. Bd5 Rd7 46. dxc7 Rxc7 47. Rxb6 Bd1 48. Ra6 Bxa4 49. b6 1-0

[Event "BUL-ch op (Women)"]
[Site "Vratsa"]
[Date "2012.07.28"]
[Round "8"]
[White "Pencheva, Iva"]
[Black "Kantardzhieva, Toni"]
[Result "1-0"]
[WhiteElo "1799"]
[BlackElo "1943"]
[PlyCount "121"]
[EventDate "2012.07.23"]
[EventType "swiss"]
[EventRounds "9"]
[EventCountry "BUL"]
[SourceTitle "CBM 149 Extra"]
[Source "ChessBase"]
[SourceDate "2012.08.24"]
[SourceVersion "1"]
[SourceVersionDate "2012.08.24"]
[SourceQuality "1"]

1. d4 d5 2. Nf3 e6 3. c4 b6 4. Nc3 Nf6 5. cxd5 exd5 6. g3 Be7 7. Bg2 0-0 8. 0-0 Bb7 9. Bf4 a6 10. Rc1 Nbd7 11. Qb3 Rc8 12. a3 Re8 13. Ne5 c6 14. Nxd7 Nxd7 15. Rfd1 Bg5 16. Bxg5 Qxg5 17. e3 Re7 18. Na4 b5 19. Nc5 Nxc5 20. Rxc5 Rf8 21. Rdc1 Kh8 22. Qb4 Rfe8 23. R5c3 Re6 24. a4 h5 25. axb5 axb5 26. Ra1 Rh6 27. Ra7 Re7 28. Qa5 Kh7 29. Qb6 Bc8 30. Rxe7 Qxe7 31. Rxc6 Be6 32. Qxb5 h4 33. Qc5 Qd7 34. Qc2+ g6 35. Rc7 Qd8 36. Qc5 Qa8 37. Qa7 Qf8 38. Re7 g5 39. e4 dxe4 40. Bxe4+ Kg7 41. d5 Bh3 42. Qd4+ Rf6 43. Re5 Qd6 44. Rxg5+ Kf8 45. Re5 Qa6 46. Qc5+ Rd6 47. Qc1 Rf6 48. Bg2 Bg4 49. Qc5+ Rd6 50. Re1 hxg3 51. hxg3 Kg8 52. Re8+ Kh7 53. Qc2+ Kg7 54. Qc3+ Rf6 55. Re1 Qa7 56. Qe3 Qa6 57. Bf1 Qb7 58. Qg5+ Rg6 59. Qe5+ Kh6 60. Qh8+ Kg5 61. Qh4+ 1-0

[Event "BUL-ch op (Women)"]
[Site "Vratsa"]
[Date "2012.07.27"]
[Round "6"]
[White "Pencheva, Iva"]
[Black "Atanasova, Elitsa"]
[Result "1-0"]
[WhiteElo "1799"]
[BlackElo "1727"]
[PlyCount "121"]
[EventDate "2012.07.23"]
[EventType "swiss"]
[EventRounds "9"]
[EventCountry "BUL"]
[SourceTitle "CBM 149 Extra"]
[Source "ChessBase"]
[SourceDate "2012.08.24"]
[SourceVersion "1"]
[SourceVersionDate "2012.08.24"]
[SourceQuality "1"]

1. e4 e5 2. Nf3 Nc6 3. c3 Nf6 4. d4 Nxe4 5. d5 Ne7 6. Nxe5 Ng6 7. Qd4 Qe7 8. Qxe4 Qxe5 9. Qxe5+ Nxe5 10. Bf4 d6 11. Na3 a6 12. 0-0-0 Be7 13. Re1 Ng6 14. Bd2 0-0 15. Nc4 Bf6 16. Bd3 Bd7 17. Ne3 Ne5 18. Be2 Rfe8 19. f4 Ng6 20. g3 b5 21. Bf3 a5 22. Nc2 Bf5 23. Rxe8+ Rxe8 24. Re1 Rxe1+ 25. Bxe1 Bd7 26. Bf2 Ne7 27. Bd4 c5 28. dxc6 Bxc6 29. Bxc6 Nxc6 30. Bb6 Kf8 31. Na3 b4 32. cxb4 axb4 33. Nb5 Ke7 34. a4 bxa3 35. bxa3 Kd7 36. Kc2 Bd8 37. Bxd8 Nxd8 38. Kc3 Nc6 39. Kc4 g6 40. a4 Na5+ 41. Kd5 Nb7 42. Nc3 Na5 43. Ne4 Nb7 44. Nf6+ Ke7 45. Ne4 Kd7 46. g4 h6 47. Nf6+ Kc7 48. h4 Nc5 49. Ne8+ Kd7 50. Nxd6 Nxa4 51. Nxf7 h5 52. Ne5+ Ke8 53. g5 Nc3+ 54. Ke6 Ne2 55. Nxg6 Nd4+ 56. Kf6 Nf3 57. Kg7 Kd7 58. Ne5+ Nxe5 59. fxe5 Ke6 60. Kh6 Kxe5 61. Kxh5 1-0

[Event "BUL-ch sf (Women) 61st"]
[Site "Plovdiv"]
[Date "2012.02.12"]
[Round "9"]
[White "Pencheva, Iva"]
[Black "Radeva, Viktoria"]
[Result "0-1"]
[WhiteElo "1816"]
[BlackElo "1760"]
[PlyCount "98"]
[EventDate "2012.02.06"]
[EventType "tourn"]
[EventRounds "9"]
[EventCountry "BUL"]
[SourceTitle "CBM 146 Extra"]
[Source "ChessBase"]
[SourceDate "2012.02.29"]
[SourceVersion "1"]
[SourceVersionDate "2012.02.29"]
[SourceQuality "1"]

1. d4 Nf6 2. Nf3 g6 3. Bf4 Bg7 4. e3 d6 5. h3 0-0 6. Be2 Nbd7 7. 0-0 Nh5 8. Bh2 h6 9. c4 e5 10. Nc3 exd4 11. exd4 f5 12. Re1 Kh8 13. Kh1 Rg8 14. Bf1 g5 15. Ng1 Nhf6 16. Qd3 Nf8 17. Rad1 Ng6 18. c5 d5 19. Nb5 Ne4 20. Qc2 c6 21. Nc7 Rb8 22. f3 Nf6 23. Ne6 Bxe6 24. Bxb8 Qxb8 25. Rxe6 Nf4 26. Ree1 N6h5 27. Qf2 Nd3 28. Bxd3 Ng3+ 29. Qxg3 Qxg3 30. Bxf5 Qf4 31. Bg4 Qc7 32. Re6 Qf7 33. Re2 Re8 34. Rde1 Rxe2 35. Rxe2 Bxd4 36. Be6 Qf6 37. Bc8 Bxc5 38. Bxb7 Qd4 39. Re8+ Kg7 40. Ne2 Qd1+ 41. Kh2 Qe1 42. Bxc6 Bd6+ 43. g3 Qf2+ 44. Kh1 Qxf3+ 45. Kg1 Bc5+ 46. Kh2 Qf2+ 47. Kh1 d4 48. Bb5 Qf3+ 49. Kh2 d3 0-1

[Event "BUL-ch sf (Women) 61st"]
[Site "Plovdiv"]
[Date "2012.02.11"]
[Round "8"]
[White "Vasileva, Cveta"]
[Black "Pencheva, Iva"]
[Result "1-0"]
[WhiteElo "1577"]
[BlackElo "1816"]
[PlyCount "115"]
[EventDate "2012.02.06"]
[EventType "tourn"]
[EventRounds "9"]
[EventCountry "BUL"]
[SourceTitle "CBM 146 Extra"]
[Source "ChessBase"]
[SourceDate "2012.02.29"]
[SourceVersion "1"]
[SourceVersionDate "2012.02.29"]
[SourceQuality "1"]

1. d4 e6 2. c4 b6 3. e4 Bb7 4. Nc3 Bb4 5. f3 f5 6. Bd3 fxe4 7. fxe4 Nf6 8. Bg5 0-0 9. Nf3 Be7 10. 0-0 Na6 11. a3 Ne8 12. Qd2 Nd6 13. Bxe7 Qxe7 14. b4 Nf7 15. d5 e5 16. Ne2 d6 17. Ng3 Bc8 18. Bc2 Nb8 19. Rf2 Bd7 20. Raf1 Na6 21. h3 Rad8 22. Bd1 Nb8 23. a4 Na6 24. Nh5 h6 25. Bc2 Ng5 26. Nxg5 Qxg5 27. Qxg5 hxg5 28. b5 Nc5 29. Ng3 g6 30. Ne2 Rxf2 31. Rxf2 Rf8 32. Nc3 Rxf2 33. Kxf2 Kf7 34. Kg3 Kf6 35. Bd1 Nb7 36. Na2 Nc5 37. Bc2 a6 38. Nb4 a5 39. Na6 Nxa6 40. bxa6 Bc8 41. a7 Bb7 42. Bd1 c6 43. Bg4 Ke7 44. Bc8 Ba8 45. Be6 b5 46. axb5 cxb5 47. cxb5 Kd8 48. Bg4 Kc7 49. Bd1 Kb6 50. Kg4 Kxa7 51. Kxg5 Kb6 52. g4 Kxb5 53. h4 Kc5 54. h5 gxh5 55. gxh5 Kd4 56. h6 Kxe4 57. h7 Bxd5 58. h8Q 1-0

[Event "BUL-ch sf (Women) 61st"]
[Site "Plovdiv"]
[Date "2012.02.08"]
[Round "4"]
[White "Sirkova, Darena"]
[Black "Pencheva, Iva"]
[Result "1-0"]
[WhiteElo "2086"]
[BlackElo "1816"]
[PlyCount "105"]
[EventDate "2012.02.06"]
[EventType "tourn"]
[EventRounds "9"]
[EventCountry "BUL"]
[SourceTitle "CBM 146 Extra"]
[Source "ChessBase"]
[SourceDate "2012.02.29"]
[SourceVersion "1"]
[SourceVersionDate "2012.02.29"]
[SourceQuality "1"]

1. f4 d5 2. b3 e6 3. Bb2 Nf6 4. Nf3 c5 5. e3 Nc6 6. Bb5 a6 7. Bxc6+ bxc6 8. d3 Be7 9. 0-0 0-0 10. Ne5 Qb6 11. Rf3 Ne8 12. Nc3 f6 13. Na4 Qc7 14. Ng4 e5 15. f5 Nd6 16. Qf1 h5 17. Nf2 Nxf5 18. g4 Nh6 19. gxh5 Bd6 20. e4 Be6 21. Kh1 Kh7 22. Qg2 Qf7 23. Rg1 Rg8 24. Qg6+ Qxg6 25. hxg6+ Kh8 26. Ba3 Rgf8 27. Nxc5 Bxc5 28. Bxc5 Rfe8 29. Rgg3 Kg8 30. c4 dxc4 31. dxc4 a5 32. a4 Rab8 33. Ba3 Red8 34. Bc1 Rf8 35. Bd2 Ra8 36. Rd3 f5 37. Rd6 f4 38. Rg5 Rad8 39. Rxd8 Rxd8 40. Bxa5 Rb8 41. Rxe5 Bg4 42. Kg2 Be2 43. Bc7 f3+ 44. Kg3 Rc8 45. a5 Kh8 46. Bb6 Ng8 47. Rh5+ Nh6 48. Bd4 Kg8 49. Re5 Kf8 50. a6 Ra8 51. a7 Rd8 52. Bc5+ Kg8 53. Be7 1-0

[Event "BUL-ch sf (Women) 61st"]
[Site "Plovdiv"]
[Date "2012.02.07"]
[Round "2"]
[White "Tsekova, Viktoria"]
[Black "Pencheva, Iva"]
[Result "1/2-1/2"]
[WhiteElo "1859"]
[BlackElo "1816"]
[PlyCount "142"]
[EventDate "2012.02.06"]
[EventType "tourn"]
[EventRounds "9"]
[EventCountry "BUL"]
[SourceTitle "CBM 146 Extra"]
[Source "ChessBase"]
[SourceDate "2012.02.29"]
[SourceVersion "1"]
[SourceVersionDate "2012.02.29"]
[SourceQuality "1"]

1. Nf3 d5 2. g3 Nf6 3. Bg2 e6 4. 0-0 Be7 5. d4 0-0 6. Ne5 c5 7. b3 Nbd7 8. Nxd7 Bxd7 9. Bb2 Rc8 10. dxc5 Bxc5 11. Nd2 Bc6 12. Nf3 Qe7 13. Ne5 Bb5 14. c4 dxc4 15. bxc4 Ba6 16. Qa4 Qe8 17. Qb3 Qe7 18. Rfd1 Rfd8 19. e3 Nd7 20. Nxd7 Rxd7 21. Rxd7 Qxd7 22. Rd1 Qc7 23. Bf1 Bf8 24. Rc1 Rd8 25. Bd3 Qd7 26. Rd1 Qe7 27. Qc2 f5 28. Qb3 b6 29. Rc1 Bb7 30. Qc2 Bf3 31. Be2 Bxe2 32. Qxe2 Qd6 33. Kg2 Qd3 34. Qxd3 Rxd3 35. Rc2 Bc5 36. Kf3 Kf7 37. Ke2 Rd7 38. Rd2 Rxd2+ 39. Kxd2 g6 40. Kd3 Ke7 41. Be5 Kd7 42. f3 Kc6 43. g4 Be7 44. Bd4 Kd6 45. gxf5 gxf5 46. Bb2 Kd7 47. e4 Bc5 48. Bd4 Bd6 49. e5 Ba3 50. Be3 Bb4 51. Bd4 Ba3 52. Bc3 Bc5 53. Bb2 Ke7 54. Bc1 Kd7 55. f4 Ke7 56. Ke2 Kf7 57. Kf3 Kg6 58. Bd2 Kh5 59. Be1 Bd4 60. Bg3 Kg6 61. Bh4 Kf7 62. Ke2 Ke8 63. Kd3 Bg1 64. Bg3 Kd7 65. h3 Kc6 66. Kc3 Kc5 67. a3 Be3 68. Bh2 Bf2 69. Kd3 a6 70. Ke2 Bd4 71. Kd3 Bf2 1/2-1/2

[Event "EU-ch U14 Girls"]
[Site "Albena"]
[Date "2011.09.12"]
[Round "2"]
[White "Menzi, Nezihe Ezgi"]
[Black "Pencheva, Iva"]
[Result "0-1"]
[WhiteElo "1887"]
[BlackElo "1732"]
[PlyCount "64"]
[EventDate "2011.09.11"]
[EventType "swiss"]
[EventRounds "9"]
[EventCountry "BUL"]
[SourceTitle "CBM 144 Extra"]
[Source "ChessBase"]
[SourceDate "2011.10.28"]
[SourceVersion "1"]
[SourceVersionDate "2011.10.28"]
[SourceQuality "1"]

1. e4 d6 2. d4 Nf6 3. Nc3 g6 4. g3 Bg7 5. Bg2 0-0 6. Nge2 Nc6 7. h3 e5 8. Be3 Bd7 9. 0-0 Qc8 10. Kh2 Ne8 11. f4 exf4 12. Bxf4 f5 13. Qd2 Ne7 14. Bg5 Bf6 15. Bh6 Bg7 16. Bg5 Nc6 17. Nd5 Kh8 18. exf5 Rxf5 19. g4 Rxf1 20. Rxf1 Be6 21. c3 Qd7 22. Be4 Nd8 23. a3 c6 24. Ndf4 d5 25. Bc2 Nf7 26. Bh4 Ned6 27. Nxe6 Qxe6 28. Nf4 Qd7 29. Bg3 Re8 30. Re1 Rxe1 31. Qxe1 Ng5 32. Nd3 Nf3+ 0-1

[Event "Sunny Beach op 10th"]
[Site "Sunny Beach"]
[Date "2011.09.02"]
[Round "7"]
[White "Kirchev, Krasimir"]
[Black "Pencheva, Iva"]
[Result "0-1"]
[WhiteElo "2058"]
[BlackElo "1710"]
[PlyCount "44"]
[EventDate "2011.08.27"]
[EventType "swiss"]
[EventRounds "9"]
[EventCountry "BUL"]
[SourceTitle "CBM 144 Extra"]
[Source "ChessBase"]
[SourceDate "2011.10.28"]
[SourceVersion "1"]
[SourceVersionDate "2011.10.28"]
[SourceQuality "1"]

1. d4 d5 2. Nf3 e6 3. Bf4 f5 4. Nbd2 Nf6 5. h3 Be7 6. e3 0-0 7. Be2 c6 8. 0-0 Ne4 9. c4 Nd7 10. Qc2 g5 11. Bh2 Qe8 12. Ne5 Nxe5 13. Bxe5 Bf6 14. Nxe4 dxe4 15. Bxf6 Rxf6 16. f4 Qg6 17. Qd1 Bd7 18. Bh5 Qg7 19. Be2 Kh8 20. fxg5 Qxg5 21. Qd2 Rg8 22. Rf2 Rh6 0-1

[Event "Sunny Beach op 10th"]
[Site "Sunny Beach"]
[Date "2011.08.29"]
[Round "3"]
[White "Novak, Michal"]
[Black "Pencheva, Iva"]
[Result "1/2-1/2"]
[WhiteElo "2125"]
[BlackElo "1710"]
[PlyCount "109"]
[EventDate "2011.08.27"]
[EventType "swiss"]
[EventRounds "9"]
[EventCountry "BUL"]
[SourceTitle "CBM 144 Extra"]
[Source "ChessBase"]
[SourceDate "2011.10.28"]
[SourceVersion "1"]
[SourceVersionDate "2011.10.28"]
[SourceQuality "1"]

1. e4 e6 2. d4 d5 3. Nd2 Nc6 4. Ngf3 Nf6 5. e5 Nd7 6. c3 f6 7. exf6 Qxf6 8. Be2 Bd6 9. Nf1 0-0 10. Be3 Nb6 11. Ng3 Ne7 12. Qd2 Ng6 13. 0-0 Nf4 14. Bxf4 Bxf4 15. Qc2 Qh6 16. Bd3 Nd7 17. Rfe1 Re8 18. Re2 e5 19. dxe5 Nxe5 20. Nxe5 Rxe5 21. Rxe5 Bxe5 22. Re1 Bd6 23. c4 Bd7 24. cxd5 Rf8 25. h3 Bxg3 26. fxg3 Qb6+ 27. Kh2 h6 28. Rf1 Rxf1 29. Bxf1 Qd6 30. Qe4 g6 31. Qf4 Qxf4 32. gxf4 Kf7 33. Bd3 Kf6 34. Kg3 c6 35. dxc6 Bxc6 36. Kf2 Bd5 37. b3 Bc6 38. g3 Bd7 39. h4 h5 40. Ke3 Be8 41. Kd4 Ke6 42. b4 b6 43. a4 Bxa4 44. Bxg6 Bd1 45. Kc4 a5 46. bxa5 bxa5 47. Kb5 a4 48. Kb4 Kf6 49. Be8 Kf5 50. Bd7+ Ke4 51. Bxa4 Bg4 52. Kc5 Kf3 53. f5 Bxf5 54. Bd1+ Kxg3 55. Bxh5 1/2-1/2